| 000 | 01259cam a22003254a 4500 | ||
|---|---|---|---|
| 001 | 15639941 | ||
| 003 | OSt | ||
| 005 | 20230919131527.0 | ||
| 008 | 090226s2009 nyu b 001 0 eng | ||
| 010 | _a 2009008604 | ||
| 020 | _a9781849040273 | ||
| 020 | _a9781595583611 (hardcover : alk. paper) | ||
| 040 |
_aDLC _cDLC |
||
| 043 | _ae-sp--- | ||
| 050 | 0 | 0 |
_aDP53.M87 _bC37 2009 |
| 082 | 0 | 0 |
_a946.04 _bCAR/B |
| 100 | 1 |
_aCarr, Matthew, _d1955- _99520 |
|
| 245 | 1 | 0 |
_aBlood and faith : _bthe purging of Muslim Spain 1492-1614/ _cMatthew Carr. |
| 260 |
_aUK : _bHurst, _c2009. |
||
| 300 |
_a383 p. ; _c24 cm. |
||
| 504 | _aIncludes bibliographical references and index. | ||
| 650 | 0 |
_aMuslims _zSpain _xHistory _y17th century. |
|
| 650 | 0 |
_aForced migration _zSpain _xHistory _y17th century. |
|
| 651 | 0 |
_aSpain _xHistory _yPhilip III, 1598-1621. |
|
| 651 | 0 |
_aSpain _xEthnic relations _xHistory _y17th century. |
|
| 651 | 0 |
_aSpain _xChurch history _y17th century. |
|
| 906 |
_a7 _bcbc _corignew _d1 _eecip _f20 _gy-gencatlg |
||
| 942 |
_2ddc _cBK _h946.04 _iCAR/B _k946.04 |
||
| 999 |
_c42286 _d42286 |
||